| 000 | 00396nam a22001697a 4500 | ||
|---|---|---|---|
| 005 | 20250104211436.0 | ||
| 008 | 250104b |||||||| |||| 00| 0 eng d | ||
| 020 | _a9789360455446 | ||
| 041 | _aEng | ||
| 082 | _a791.430 PAL | ||
| 100 | _aPalekar Amol | ||
| 245 | _aViewfinder; A Memoir | ||
| 260 |
_aCennai _bWestland Books _c2024 |
||
| 300 | _a331;. p. | ||
| 650 | _aBiography | ||
| 942 | _cBK | ||
| 999 |
_c43204 _d43204 |
||